000 00341nam a2200133Ia 4500
008 230503s9999 xx 000 0 und d
082 _a915.42
_bUTTR
100 _aUTTRANCHAl,Tourism
245 0 _aRomancing with nature
260 _aUttaranchal
_bUttaranchal Tourism ,India
_c2002
300 _a95
650 _aIndian Geography
942 _cBK
999 _c2591
_d2591